LEADER 00989nam1 2200361 4500 001 990000991130203316 005 20160229110928.0 035 $a0099113 035 $aUSA010099113 035 $a(ALEPH)000099113USA01 035 $a0099113 100 $a20020225d1985----km-y0ENGy0103----ba 101 $aita 102 $aIT 200 1 $aStoria universale della letteratura$fa cura di Luigi Santucci 205 $anuova ed. 210 $aMilano$cFabbri$d1985 215 $a10 volumi$cill.$d29 cm 410 $12001 606 $aLetteratura$xStoria 676 $a809 702 1$aSANTUCCI,$bLuigi 801 0$aIT$bsalbc$gISBD 912 $a990000991130203316 951 $a809 STO$bLM$c809 959 $aBK 969 $aUMA 979 $aPATTY$b90$c20020225$lUSA01$h1722 979 $c20020403$lUSA01$h1741 979 $aPATRY$b90$c20040406$lUSA01$h1708 979 $aPATRY$b90$c20160229$lUSA01$h1109 996 $aStoria universale della letteratura$9975685 997 $aUNISA LEADER 03769nam 22006855 450 001 9910300403703321 005 20251230065904.0 010 $a3-319-16838-X 024 7 $a10.1007/978-3-319-16838-8 035 $a(CKB)3710000000444490 035 $a(EBL)3567685 035 $a(SSID)ssj0001534411 035 $a(PQKBManifestationID)11792588 035 $a(PQKBTitleCode)TC0001534411 035 $a(PQKBWorkID)11494088 035 $a(PQKB)11453294 035 $a(DE-He213)978-3-319-16838-8 035 $a(MiAaPQ)EBC3567685 035 $a(PPN)187684561 035 $a(EXLCZ)993710000000444490 100 $a20150710d2015 u| 0 101 0 $aeng 135 $aur|n|---||||| 181 $ctxt 182 $cc 183 $acr 200 10$a29th International Symposium on Shock Waves 2 $eVolume 2 /$fedited by Riccardo Bonazza, Devesh Ranjan 205 $a1st ed. 2015. 210 1$aCham :$cSpringer International Publishing :$cImprint: Springer,$d2015. 215 $a1 online resource (822 p.) 300 $aDescription based upon print version of record. 311 08$a3-319-16837-1 320 $aIncludes bibliographical references at the end of each chapters and indexes. 327 $aPart XI Magnetohydrodynamics -- Part XII Medical and Biological Applications -- Part XIII Nozzle Flow -- Part XIV Numerical Methods -- Part XV Plasmas -- Part XVI Propulsion -- Part XVII Richtmyer-Meshkov Instability -- Part XVIII Shock-Boundary Layer Interaction -- Part XIX Shock Propagation and Reflection -- Part XX Shock-Vortex Interaction -- Part XXI Shock Waves in Condensed Matter -- Part XXII Shock Waves in Multiphase Flow -- Part XXIII Shock Waves in Rarefied Flow. 330 $aThis proceedings present the results of the 29th International Symposium on Shock Waves (ISSW29) which was held in Madison, Wisconsin, U.S.A., from July 14 to July 19, 2013. It was organized by the Wisconsin Shock Tube Laboratory, which is part of the College of Engineering of the University of Wisconsin-Madison. The ISSW29 focused on the following areas: Blast Waves, Chemically Reactive Flows, Detonation and Combustion,  Facilities, Flow Visualization, Hypersonic Flow, Ignition, Impact and Compaction, Industrial Applications, Magnetohydrodynamics, Medical and Biological Applications, Nozzle Flow, Numerical Methods, Plasmas, Propulsion, Richtmyer-Meshkov Instability, Shock-Boundary Layer Interaction, Shock Propagation and Reflection, Shock Vortex Interaction, Shock Waves in Condensed Matter, Shock Waves in Multiphase Flow, as well as Shock Waves in Rarefield Flow. The two Volumes contain the papers presented at the symposium and serve as a reference for the participants of the ISSW 29 and individuals interested in these fields. 606 $aPhysics 606 $aThermodynamics 606 $aHeat engineering 606 $aHeat$xTransmission 606 $aMass transfer 606 $aFluid mechanics 606 $aClassical and Continuum Physics 606 $aEngineering Thermodynamics, Heat and Mass Transfer 606 $aEngineering Fluid Dynamics 615 0$aPhysics. 615 0$aThermodynamics. 615 0$aHeat engineering. 615 0$aHeat$xTransmission. 615 0$aMass transfer. 615 0$aFluid mechanics. 615 14$aClassical and Continuum Physics. 615 24$aEngineering Thermodynamics, Heat and Mass Transfer. 615 24$aEngineering Fluid Dynamics. 676 $a530 702 $aBonazza$b Riccardo$4edt$4http://id.loc.gov/vocabulary/relators/edt 702 $aRanjan$b Devesh$4edt$4http://id.loc.gov/vocabulary/relators/edt 906 $aBOOK 912 $a9910300403703321 996 $a29th International Symposium on Shock Waves 2$91771387 997 $aUNINA LEADER 04771nam 22007455 450 001 9911031638503321 005 20251009130606.0 010 $a981-9682-16-9 024 7 $a10.1007/978-981-96-8216-4 035 $a(MiAaPQ)EBC32335726 035 $a(Au-PeEL)EBL32335726 035 $a(CKB)41593059100041 035 $a(DE-He213)978-981-96-8216-4 035 $a(OCoLC)1572190673 035 $a(EXLCZ)9941593059100041 100 $a20251009d2025 u| 0 101 0 $aeng 135 $aurcnu|||||||| 181 $ctxt$2rdacontent 182 $cc$2rdamedia 183 $acr$2rdacarrier 200 10$aBridging Asia-Europe Relations $eShared Challenges and Opportunities /$fedited by Sameer Kumar 205 $a1st ed. 2025. 210 1$aSingapore :$cSpringer Nature Singapore :$cImprint: Springer,$d2025. 215 $a1 online resource (493 pages) 225 1 $aPolitical Science and International Studies 311 08$a981-9682-15-0 327 $aPreface -- 1. Power Transition, Sino-US Competition and European Major State?s Hedging -- 2. Interplay between Values and Pragmatism: Japan amid the Russia?s War in Ukraine -- 3. Building bridges to Asia? A critical appraisal of the Global Gateway?s (EU) place initiative in Southeast Asia?s complex infrastructure politics -- 4. The Different Perceptions of the Russia-Ukraine War in Asia and Europe -- 5. The European Union, China and Brazil: the Climate Emergency between Norms and Interests -- 6. Global companies going net zero in China: The Challenge of tailoring global commitments to local circumstances -- 7. Issues and challenges for migrant workers: A comparison between ASEAN and the European Union -- 8. The Global Civilization Initiative Can Help Deepening Exchanges and Mutual Learning Between Asia and Europe -- 9. What does carbon neutralization policies mean to the EU and Korea? -- 10. The ASEM Education Process and its role in advancing the internationalisation of higher education in Malaysia: a quantitative analysis. 330 $aThis book provides a useful framework for addressing the various aspects of current Asia-Europe relations, including examinations of power transitions and geopolitics, values, and pragmatism, climate change and sustainability, technology and innovation, and infrastructure and connectivity. It discusses the current state of affairs, the future of these relations, and the challenges and opportunities that lie ahead for the two regions. In modern times, developments in infrastructure, such as transportation and communication technologies, have enhanced these regions? connectivity. Yet, other geopolitical forces and power transitions are also influencing the stability of European-Asian alliances, sometimes in uncertain directions, particularly as competition between China and the United States disrupts the global order. The book also considers the impact of the ongoing Russian-Ukrainian conflict, in relation to Europe-Asia diplomacy. The book pivots on two fundamental questions: How can the two regions bridge their differences and cooperate to meet common challenges? And what opportunities?and challenges?arise for deeper political and economic integration in doing so? A valuable resource for scholars, policymakers, and those interested in future of Asia-Europe relations, this book is a novel resource for researchers in political science and international relations, sustainability studies, sociocultural studies, and all areas relating to Asian and European regionalism. 410 0$aPolitical Science and International Studies 606 $aAsia$xPolitics and government 606 $aAsia$xEconomic conditions 606 $aHuman geography 606 $aCultural geography 606 $aSustainability 606 $aTechnological innovations 606 $aPragmatism 606 $aAsian Politics 606 $aAsian Economics 606 $aSocial and Cultural Geography 606 $aSustainability 606 $aEconomics of Innovation 606 $aPragmatism 615 0$aAsia$xPolitics and government. 615 0$aAsia$xEconomic conditions. 615 0$aHuman geography. 615 0$aCultural geography. 615 0$aSustainability. 615 0$aTechnological innovations. 615 0$aPragmatism. 615 14$aAsian Politics. 615 24$aAsian Economics. 615 24$aSocial and Cultural Geography. 615 24$aSustainability. 615 24$aEconomics of Innovation. 615 24$aPragmatism. 676 $a320.95 700 $aKumar$b Sameer$01796578 801 0$bMiAaPQ 801 1$bMiAaPQ 801 2$bMiAaPQ 906 $aBOOK 912 $a9911031638503321 996 $aBridging Asia-Europe Relations$94445274 997 $aUNINA